00944nam a22001815i 4500001000700000003000900007005001700016008004100033100005400074245017500128260005100303300004500354530003500399650003800434650004300472852015300515856009400668163337ES-MaACL20250821063102.0990310s1885 sp ad |||| | spa d1 aRepullés y Vargas, Enrique María, d1845-192210aEfectos de los terremotos de Andalucía en los edificios y medios de aminorarlos / cpor el arquitecto del Ministerio de Fomento Don Enrique María Repullés y Vargas. aMadrid : b[s.n.], c1885 (fImp. de Fortanet) a32 p., [1] h. pleg. de lám. ; c19 cm. aDisponible en formato digital. 4aTerremotos-zAndalucía-yS.XIX. 4aEdificios-xEfectos de los terremotos.4 aES-MaACLjT-575-F-5 z- Enc. hol., conservando la enc. originalz- Ded. del autor al presidente de la Sección de Ciencias del Ateneo de Madrid4 uhttp://hdl.handle.net/10481/7945 zRepositorio Institucional de la Universidad de Granada